[Event "39th Olympiad Women"]
[Site "Khanty-Mansiysk RUS"]
[Date "2010.09.30"]
[Round "9"]
[White "Mendoza Velazquez, Lorena Alejan"]
[Black "Wilson, Julie"]
[Result "1-0"]
[WhiteTitle "WIM"]
[WhiteElo "2038"]
[BlackElo "1893"]
[Board "32.3"]
[WhiteTeam "MEX"]
[BlackTeam "WLS"]
[WhiteFideId "5101794"]
[BlackFideId "1800876"]
[EventDate "2010.09.21"]
[EventType "team"]

1. g3 Nf6 2. Bg2 d5 3. Nf3 e6 4. O-O Be7 5. d4 O-O 6. c4 Nbd7 7. Nc3 c6 8. b3 b6
9. Nd2 Ba6 10. e4 Rc8 11. Re1 dxe4 12. Ndxe4 Nxe4 13. Nxe4 Nf6 14. Bb2 Rc7 15.
Qc2 Bb7 16. Rad1 Rd7 17. h3 g6 18. Ng5 Nh5 19. Nf3 Bf6 20. Ne5 Rd6 21. c5 bxc5
22. dxc5 Rxd1 23. Rxd1 Qa5 24. Nd7 Bxb2 25. Qxb2 Rd8 26. Qd4 Rc8 27. g4 Ng7 28.
Nf6+ Kh8 29. Qf4 Rd8 30. Qh6 Rxd1+ 31. Bf1 Rxf1+ 32. Kxf1 1-0

[Event "39th Olympiad Women"]
[Site "Khanty-Mansiysk RUS"]
[Date "2010.09.30"]
[Round "9"]
[White "Ryvova, Anna"]
[Black "Stojkovska, Monika"]
[Result "1/2-1/2"]
[WhiteTitle "WFM"]
[WhiteElo "1981"]
[BlackElo "1928"]
[Board "33.2"]
[WhiteTeam "ISCA"]
[BlackTeam "MKD"]
[WhiteFideId "309931"]
[BlackFideId "15002594"]
[EventDate "2010.09.21"]
[EventType "team"]

1. e4 c5 2. Nc3 Nc6 3. g3 g6 4. Bg2 Bg7 5. d3 d6 6. Be3 e6 7. Qd2 Rb8 8. Nge2
Nd4 9. Nd1 b5 10. c3 Nxe2 11. Qxe2 b4 12. O-O bxc3 13. bxc3 Ne7 14. Qd2 O-O 15.
Bh6 Bxh6 16. Qxh6 Ba6 17. Qd2 Qa5 18. Ne3 Rb6 19. Rfb1 Rfb8 20. Rxb6 Qxb6 21.
Nd1 Nc6 22. f4 c4+ 23. d4 e5 24. f5 exd4 25. Kh1 f6 26. fxg6 hxg6 27. Qf2 Kg7
28. h4 Bc8 29. cxd4 Qxd4 30. Qxd4 Nxd4 31. Rc1 Be6 32. Ne3 Ne2 33. Rc2 Nxg3+ 34.
Kh2 Nh5 35. Nxc4 Rc8 36. Bf1 d5 37. exd5 Bxd5 38. a3 Bxc4 39. Rxc4 Rxc4 40. Bxc4
f5 41. Kg2 Kf6 42. Kf3 g5 43. hxg5+ Kxg5 44. a4 Nf6 45. Ke3 Nd7 46. Kd4 Kf6 47.
a5 f4 48. Kd5 Ke7 49. Be2 Nb8 1/2-1/2

[Event "39th Olympiad Women"]
[Site "Khanty-Mansiysk RUS"]
[Date "2010.09.30"]
[Round "9"]
[White "Bejatovic, Bojana"]
[Black "Gerasimova, Olga"]
[Result "1-0"]
[BlackTitle "WIM"]
[WhiteElo "1891"]
[BlackElo "2218"]
[Board "33.3"]
[WhiteTeam "MKD"]
[BlackTeam "ISCA"]
[WhiteFideId "15000141"]
[BlackFideId "24109622"]
[EventDate "2010.09.21"]
[EventType "team"]

1. d4 d5 2. Nf3 c6 3. Bf4 Nf6 4. h3 e6 5. e3 Bd6 6. Ne5 O-O 7. Bd3 Ne4 8. Nd2 f6
9. Ng4 Bxf4 10. exf4 f5 11. Ne5 Nd7 12. Ndf3 c5 13. c3 c4 14. Bc2 Ndf6 15. g4 g6
16. Qe2 Qa5 17. Qe3 Qb6 18. O-O-O Qd6 19. gxf5 exf5 20. h4 b5 21. h5 Nxh5 22.
Rxh5 gxh5 23. Bxe4 fxe4 24. Rg1+ Kh8 25. Ng5 Qf6 26. f3 h6 27. Ngf7+ Rxf7 28.
Rg6 Qf5 29. fxe4 dxe4 30. Nxf7+ Qxf7 31. Qxe4 Bb7 32. Rxh6+ Kg7 33. Qh7+ Kf8 34.
Qh8+ Ke7 35. Qe5+ Kd7 36. Qd6+ 1-0

[Event "39th Olympiad Women"]
[Site "Khanty-Mansiysk RUS"]
[Date "2010.09.30"]
[Round "9"]
[White "Myronenko, Natalya"]
[Black "Nikolovska, Dragana"]
[Result "1-0"]
[WhiteElo "1945"]
[BlackElo "1752"]
[Board "33.4"]
[WhiteTeam "ISCA"]
[BlackTeam "MKD"]
[WhiteFideId "14124530"]
[BlackFideId "15000133"]
[EventDate "2010.09.21"]
[EventType "team"]

1. e4 c5 2. Nf3 d6 3. d4 cxd4 4. Nxd4 Nf6 5. Nc3 g6 6. Be2 Bg7 7. O-O O-O 8. Re1
Nc6 9. Nb3 a6 10. Bf1 b5 11. Bg5 h6 12. Bh4 Be6 13. Nd5 Nd7 14. c3 Nb6 15. f4
Rb8 16. Rb1 Qd7 17. Kh1 Nc4 18. Nd4 Bxd5 19. exd5 Nxd4 20. cxd4 Rfe8 21. Bd3 Nb6
22. Be4 Rbc8 23. b3 Qb7 24. f5 g5 25. Bf2 Rc3 26. f6 Bxf6 27. Qg4 Qc8 28. Bf5
Qc7 29. Qh5 Bg7 30. h4 Nxd5 31. Be6 Nf6 32. Bxf7+ Kh8 33. Qg6 Rf8 34. hxg5 hxg5
35. Be6 Nh7 36. Bf5 Rxf5 37. Qxf5 Rc2 38. a4 b4 39. Rxe7 Qxe7 40. Qxc2 Qe6 41.
Re1 Qh6+ 42. Kg1 Nf6 43. Re6 g4 44. Rxd6 Qf4 45. Rd8+ Ng8 46. Qc4 Bf8 47. d5 Qf5
48. Bd4+ Bg7 49. d6 Qb1+ 50. Kh2 g3+ 51. Kxg3 Qe1+ 52. Kf3 Qd1+ 53. Kf4 Qd2+ 54.
Kf5 Qxd4 55. Qxg8# 1-0

[Event "39th Olympiad Women"]
[Site "Khanty-Mansiysk RUS"]
[Date "2010.09.30"]
[Round "9"]
[White "Samaganova, Alexandra"]
[Black "Terao, Juliana Sayumi"]
[Result "1/2-1/2"]
[BlackTitle "WFM"]
[WhiteElo "2080"]
[BlackElo "2138"]
[Board "34.1"]
[WhiteTeam "KGZ"]
[BlackTeam "BRA"]
[WhiteFideId "13800221"]
[BlackFideId "2109220"]
[EventDate "2010.09.21"]
[EventType "team"]

1. c4 e5 2. Nc3 Nc6 3. g3 g6 4. Bg2 Bg7 5. e3 d6 6. Nge2 f5 7. d3 Nf6 8. O-O O-O
9. f4 Kh8 10. Rb1 Re8 11. b4 exf4 12. Nxf4 Ng4 13. Ncd5 Nce5 14. h3 c6 15. Nc3
Nh6 16. Nfe2 Bd7 17. a4 a6 18. b5 axb5 19. axb5 Ng8 20. Qc2 h5 21. bxc6 bxc6 22.
e4 Qc8 23. Kh2 Nf6 24. Bg5 Nh7 25. Be3 Ra3 26. Bc1 Ra6 27. Nf4 Nf8 28. Na4 Qc7
29. c5 Ne6 30. Be3 Nxf4 31. Bxf4 Qa7 32. Nb6 Be6 33. d4 Ra2 34. Qc3 Nf7 35. cxd6
fxe4 36. Qxc6 Rd8 37. d5 Bf5 38. Qc7 e3 39. Rbc1 Be4 40. Rg1 Qa3 41. d7 Rf2 42.
Rcf1 Rxf1 43. Bxf1 Qb2+ 44. Bg2 e2 45. Qc1 Bxg2 46. Qxb2 Bxb2 47. Kxg2 Bd4 48.
Re1 Bxb6 49. Rxe2 Rxd7 50. Re6 Bd4 51. Rxg6 Rxd5 52. Kf3 Kh7 53. Ra6 Bg7 54. Ke4
Rb5 55. Rc6 Ng5+ 56. Bxg5 Rxg5 57. Kf4 Ra5 1/2-1/2

[Event "39th Olympiad Women"]
[Site "Khanty-Mansiysk RUS"]
[Date "2010.09.30"]
[Round "9"]
[White "Tilenbaev, Baktygul"]
[Black "Gazola, Vanessa Ramos"]
[Result "1/2-1/2"]
[WhiteElo "1944"]
[BlackElo "1983"]
[Board "34.3"]
[WhiteTeam "KGZ"]
[BlackTeam "BRA"]
[WhiteFideId "13800639"]
[BlackFideId "2112590"]
[EventDate "2010.09.21"]
[EventType "team"]

1. e4 c5 2. f4 Nc6 3. Nf3 g6 4. Nc3 Bg7 5. d3 e6 6. Be2 Nge7 7. O-O O-O 8. Qe1
Nd4 9. Nxd4 Bxd4+ 10. Kh1 Bg7 11. Nd1 d6 12. h4 Bd7 13. h5 f5 14. c3 Rb8 15. Qh4
fxe4 16. dxe4 d5 17. e5 Nf5 18. Qh3 Bc6 19. Kh2 Qh4 20. g4 Qxh3+ 21. Kxh3 Ne7
22. Nf2 b6 23. g5 gxh5 24. Bxh5 Ng6 25. Bxg6 hxg6 26. Bd2 Kf7 27. Kg3 Rh8 28.
Nd3 Rh7 29. Rh1 Rbh8 30. Rxh7 Rxh7 31. b4 Bf8 32. bxc5 bxc5 33. Be3 c4 34. Nf2
Ke8 35. Rb1 Rb7 36. Rxb7 Bxb7 37. Bxa7 Kd7 38. Nh3 Bc6 39. Ng1 Ba3 40. Nf3 Ba4
41. Be3 Bc2 42. Nh4 Ke7 43. Kf2 Kf7 44. Ke2 Bb1 45. Nf3 Bxa2 46. Nd4 Bb1 47. Nb5
Be7 48. Bb6 Ke8 49. Kd2 Kd7 50. Nd4 Ba3 51. Ba5 Bc5 52. Bb4 Bxd4 53. cxd4 Kc6
54. Kc3 Kb5 55. Bd6 Ka4 56. Bc5 1/2-1/2

[Event "39th Olympiad Women"]
[Site "Khanty-Mansiysk RUS"]
[Date "2010.09.30"]
[Round "9"]
[White "Caoili, Arianne"]
[Black "Jennitha, Anto K."]
[Result "1-0"]
[WhiteTitle "WIM"]
[WhiteElo "2243"]
[BlackElo "1966"]
[Board "36.1"]
[WhiteTeam "AUS"]
[BlackTeam "IPCA"]
[WhiteFideId "5201179"]
[BlackFideId "5018218"]
[EventDate "2010.09.21"]
[EventType "team"]

1. e4 c5 2. Nf3 d6 3. c3 Nc6 4. h3 Nf6 5. Bd3 e5 6. Bc2 Be7 7. O-O O-O 8. Re1 b6
9. d4 Bb7 10. d5 Nb8 11. a4 a6 12. Na3 Nbd7 13. Be3 Re8 14. Qe2 Qc7 15. Rec1 Nf8
16. b4 N6d7 17. Qd2 h6 18. Rab1 Reb8 19. Ne1 g5 20. Nd3 Kg7 21. a5 b5 22. c4
cxb4 23. Qxb4 bxc4 24. Nxc4 Qd8 25. Nb6 Bc8 26. Ba4 Ra7 27. Qc3 Rab7 28. Nb4 Nc5
29. Bxc5 dxc5 30. Nc6 Qd6 31. Nxc8 Rxc8 32. Rxb7 Bf6 33. Qxc5 1-0

[Event "39th Olympiad Women"]
[Site "Khanty-Mansiysk RUS"]
[Date "2010.09.30"]
[Round "9"]
[White "Zykina, Nadezhda"]
[Black "Nguyen, Thu Giang"]
[Result "0-1"]
[WhiteTitle "WFM"]
[WhiteElo "2103"]
[BlackElo "2108"]
[Board "36.2"]
[WhiteTeam "IPCA"]
[BlackTeam "AUS"]
[WhiteFideId "24150789"]
[BlackFideId "12400980"]
[EventDate "2010.09.21"]
[EventType "team"]

1. d4 f5 2. Bg5 h6 3. Bh4 g5 4. e3 Nf6 5. Bg3 Bg7 6. h4 g4 7. Bd3 d6 8. c3 Nh5
9. Ne2 e5 10. f3 Bf6 11. Bf2 Rg8 12. Qc2 Qd7 13. Na3 Nc6 14. Qb3 Ne7 15. O-O-O
Qe6 16. d5 Qd7 17. Bb5 c6 18. dxc6 bxc6 19. Ba4 Ba6 20. c4 O-O-O 21. f4 Qb7 22.
Qc2 Kb8 23. Rd3 Ka8 24. Rb3 Qc7 25. g3 Ng7 26. Rd1 Ne6 27. e4 fxe4 28. f5 Nxf5
29. Qxe4 Ne7 30. Rc3 Bb7 31. Qe3 Qa5 32. Nc2 d5 33. Ra3 d4 34. Qxh6 Rg6 35. Bxc6
Qxa3 36. Qxg6 Qxb2+ 37. Kxb2 Nxg6 38. Bxb7+ Kxb7 39. Nb4 Nc7 40. Kc2 a5 41. Nd3
Kc6 42. Kb3 Ne6 43. Be1 Rb8+ 44. Ka4 e4 45. Ndf4 Ngxf4 46. Nxf4 Nc5+ 47. Ka3 d3
48. Rd2 e3 49. Rh2 d2 0-1

[Event "39th Olympiad Women"]
[Site "Khanty-Mansiysk RUS"]
[Date "2010.09.30"]
[Round "9"]
[White "Dekic, Biljana N."]
[Black "Melnik, Galina"]
[Result "1-0"]
[WhiteTitle "WIM"]
[BlackTitle "WFM"]
[WhiteElo "2104"]
[BlackElo "1994"]
[Board "36.3"]
[WhiteTeam "AUS"]
[BlackTeam "IPCA"]
[WhiteFideId "3200493"]
[BlackFideId "4121929"]
[EventDate "2010.09.21"]
[EventType "team"]

1. e4 c6 2. d4 d5 3. Nd2 dxe4 4. Nxe4 Bf5 5. Ng3 Bg6 6. Nf3 Nd7 7. h4 h6 8. h5
Bh7 9. Bd3 Bxd3 10. Qxd3 Qc7 11. Bd2 e6 12. O-O-O Ngf6 13. Ne4 Nxe4 14. Qxe4
O-O-O 15. Kb1 Nf6 16. Qe2 Bd6 17. c4 c5 18. g3 Rhe8 19. Bc3 Qc6 20. Rhe1 Bf8 21.
a3 Qc7 22. Ne5 Bd6 23. Nd3 cxd4 24. Bxd4 Qa5 25. Be5 Bxe5 26. Nxe5 Qc7 27. f4
Rxd1+ 28. Rxd1 Rd8 29. Rc1 Ne8 30. c5 Kb8 31. c6 Ka8 32. Rc3 Nd6 33. Ka2 f6 34.
cxb7+ Qxb7 35. Nc6 Re8 36. Qc2 Rc8 37. Rc5 Nf5 38. g4 Ne3 39. Qe4 Nd5 40. Qxe6
Nxf4 41. Qc4 Nh3 42. Na5 Rxc5 43. Qxc5 Qf7+ 44. b3 Kb8 45. Nc6+ Ka8 46. a4 Ng5
47. Qd6 Qe8 48. Qc7 1-0

[Event "39th Olympiad Women"]
[Site "Khanty-Mansiysk RUS"]
[Date "2010.09.30"]
[Round "9"]
[White "Kurochkina, Elena"]
[Black "Guo, Emma"]
[Result "0-1"]
[BlackTitle "WFM"]
[WhiteElo "1821"]
[BlackElo "1964"]
[Board "36.4"]
[WhiteTeam "IPCA"]
[BlackTeam "AUS"]
[WhiteFideId "24145890"]
[BlackFideId "3200795"]
[EventDate "2010.09.21"]
[EventType "team"]

1. d4 g6 2. c4 c5 3. d5 b5 4. cxb5 a6 5. e3 Bg7 6. Nc3 Nf6 7. Nf3 d6 8. bxa6 O-O
9. Bc4 Bxa6 10. Bxa6 Nxa6 11. O-O Nd7 12. a4 Nb4 13. Bd2 Qb6 14. Rb1 Qa6 15. b3
Rab8 16. e4 Rfc8 17. Nb5 Qb6 18. Be3 Qb7 19. Nd2 Nf6 20. f3 Ne8 21. Nc4 Nc7 22.
Nba3 Na8 23. Qd2 Nb6 24. Na5 Qa7 25. N3c4 Nxc4 26. Nxc4 Qc7 27. Na3 Rb7 28. Nb5
Qd7 29. Rfc1 Ra8 30. Qe2 f5 31. Bd2 fxe4 32. Qxe4 Na6 33. Bc3 Bxc3 34. Rxc3 Nb4
35. Re3 Rf8 36. Na3 Rf5 37. Qe6+ Qxe6 38. dxe6 Nd5 39. Ree1 Nc3 40. Rb2 Nxa4 41.
Rbb1 Nc3 42. Rb2 Rf8 43. Nc4 Nd5 44. Kf2 Nf4 45. Re3 Rf6 46. Na5 Rc7 47. Rc2
Rxe6 48. b4 Rxe3 49. Kxe3 Nd5+ 50. Ke4 Nxb4 51. Rb2 Ra7 52. Nb3 Ra2 53. Rxa2
Nxa2 54. Kd5 Kf7 55. Nd2 Nb4+ 56. Kc4 Ke6 57. Nb3 Nc2 58. Kc3 Ne1 59. Nd2 Nxg2
60. Ne4 h6 61. Nf2 Nh4 62. f4 Kf5 0-1

[Event "39th Olympiad Women"]
[Site "Khanty-Mansiysk RUS"]
[Date "2010.09.30"]
[Round "9"]
[White "Nasriddinzoda, Marvorii"]
[Black "Ibrahim, Delbak Ismael"]
[Result "1-0"]
[BlackTitle "WIM"]
[WhiteElo "1943"]
[BlackElo "1954"]
[Board "37.1"]
[WhiteTeam "TJK"]
[BlackTeam "IRQ"]
[WhiteFideId "14700395"]
[BlackFideId "4803116"]
[EventDate "2010.09.21"]
[EventType "team"]

1. f4 g6 2. Nf3 Bg7 3. g3 Nf6 4. Bg2 d5 5. O-O O-O 6. d3 b6 7. e3 Bb7 8. Nbd2 c5
9. Ne5 Nc6 10. Ndf3 e6 11. Qe2 Qc7 12. Rb1 Ne8 13. Nxc6 Bxc6 14. Bd2 Rd8 15. e4
dxe4 16. dxe4 Nd6 17. e5 Nf5 18. Bc3 Rd7 19. Nd2 Bxg2 20. Kxg2 Qc6+ 21. Kh3 b5
22. Ne4 b4 23. Be1 Rd4 24. Nf2 a5 25. c3 Rd7 26. Ne4 h5 27. Bf2 c4 28. Bc5 Rfd8
29. cxb4 axb4 30. Rbc1 Nd4 31. Qg2 Qa4 32. Rxc4 Qxa2 33. Rxb4 Rd5 34. Bb6 Nc6
35. Nc3 Qa6 36. Nxd5 exd5 37. Bxd8 Qc8+ 38. g4 Qxd8 39. Rb3 hxg4+ 40. Qxg4 Nd4
41. Rc3 Nf5 42. Rfc1 Bf8 43. e6 Qb6 44. exf7+ Kxf7 45. Qe2 d4 46. Qc4+ Kg7 47.
Qc7+ Qxc7 48. Rxc7+ Kh6 49. Rf7 Bg7 50. Rxg7 Kxg7 51. Kg2 d3 52. Kf2 1-0

[Event "39th Olympiad Women"]
[Site "Khanty-Mansiysk RUS"]
[Date "2010.09.30"]
[Round "9"]
[White "Mohammed Qane,Jannar Worya"]
[Black "Antonova, Nadezhda"]
[Result "0-1"]
[WhiteTitle "WFM"]
[WhiteElo "1906"]
[BlackElo "1838"]
[Board "37.2"]
[WhiteTeam "IRQ"]
[BlackTeam "TJK"]
[WhiteFideId "4802144"]
[BlackFideId "14700182"]
[EventDate "2010.09.21"]
[EventType "team"]

1. d4 d6 2. c4 g6 3. Nc3 Bg7 4. Nf3 Nd7 5. e3 e5 6. Be2 Ne7 7. O-O O-O 8. dxe5
dxe5 9. e4 c6 10. Qd6 Re8 11. Bg5 f6 12. Bh4 Nf8 13. c5 Be6 14. Rfd1 Qa5 15.
Nxe5 Rad8 16. Nc4 Bxc4 17. Bxc4+ Kh8 18. Qf4 g5 19. Bxg5 Nfg6 20. Qe3 fxg5 21.
Bf7 Rf8 22. Rxd8 Rxd8 23. Bxg6 Nxg6 24. Qxg5 Rf8 25. Qe3 Qb4 26. Rb1 Bd4 27. Qh3
Rxf2 28. Kh1 Qxc5 29. Qc8+ Qf8 30. Qxf8+ Rxf8 31. Ne2 Be5 32. Kg1 Rd8 33. a4 Rd2
34. Nc3 Nh4 35. Kf1 Rxg2 0-1

[Event "39th Olympiad Women"]
[Site "Khanty-Mansiysk RUS"]
[Date "2010.09.30"]
[Round "9"]
[White "Muhtojzoda, Asila"]
[Black "Jwan, Jamal Mohammed Ameen"]
[Result "0-1"]
[BlackTitle "WCM"]
[WhiteElo "1696"]
[BlackElo "1849"]
[Board "37.3"]
[WhiteTeam "TJK"]
[BlackTeam "IRQ"]
[WhiteFideId "14700263"]
[BlackFideId "4803000"]
[EventDate "2010.09.21"]
[EventType "team"]

1. d4 d5 2. Bg5 Nd7 3. Nd2 Ngf6 4. f3 e5 5. e4 Be7 6. exd5 Nxd5 7. Bxe7 Qxe7 8.
dxe5 Qxe5+ 9. Qe2 O-O 10. Qxe5 Nxe5 11. O-O-O Bf5 12. a3 Rfe8 13. Re1 Nd3+ 0-1

[Event "39th Olympiad Women"]
[Site "Khanty-Mansiysk RUS"]
[Date "2010.09.30"]
[Round "9"]
[White "Kareen, Jalaluldeen"]
[Black "Ilhom, Mootribai"]
[Result "0-1"]
[WhiteTitle "WCM"]
[WhiteElo "1790"]
[BlackElo "1639"]
[Board "37.4"]
[WhiteTeam "IRQ"]
[BlackTeam "TJK"]
[WhiteFideId "4801776"]
[BlackFideId "14700204"]
[EventDate "2010.09.21"]
[EventType "team"]

1. d4 Nf6 2. c4 e6 3. Nc3 d5 4. Bg5 Be7 5. Nf3 h6 6. Bh4 c6 7. e3 Nbd7 8. Bd3
dxc4 9. Bxc4 Nb6 10. Bd3 Nbd5 11. O-O O-O 12. Rc1 Qa5 13. Bb1 Re8 14. e4 Nxc3
15. Rxc3 Rd8 16. Qc2 g6 17. Rd1 Kg7 18. Ne5 Ng8 19. Bxe7 Nxe7 20. Rg3 Rxd4 21.
Nc4 Qc5 22. Rxd4 Qxd4 23. e5 b5 24. Na5 Qxe5 25. Qc3 Qxc3 26. Rxc3 Bd7 27. Be4
Rc8 28. Rd3 Nd5 29. Nb7 f5 30. Bf3 Kf6 31. h3 Rc7 32. Nc5 a5 33. Kf1 Be8 34. g3
Rc8 35. a4 bxa4 36. Nxa4 c5 37. Nc3 Nxc3 38. Rxc3 e5 39. Bd5 e4 40. f3 Ke5 41.
fxe4 fxe4 42. Bc4 Kd4 43. Ke2 Bc6 44. Bf7 Bb5+ 45. Kd2 g5 46. Rb3 Bd3 47. Rb6
Rf8 48. Rb7 c4 49. Rd7+ Kc5 50. Ke3 Rb8 51. Rd5+ Kb4 52. Bg6 a4 53. Re5 Kb3 54.
Bxe4 Bxe4 55. Rxe4 Rc8 56. Re6 Kxb2 57. Ra6 a3 58. Rb6+ Kc1 59. Ra6 c3 60. Rxa3
c2 61. Ra6 Kd1 0-1

[Event "39th Olympiad Women"]
[Site "Khanty-Mansiysk RUS"]
[Date "2010.09.30"]
[Round "9"]
[White "Rocha, Valquiria"]
[Black "Sahl, Sheila Barth"]
[Result "0-1"]
[BlackTitle "WIM"]
[WhiteElo "1799"]
[BlackElo "2175"]
[Board "38.3"]
[WhiteTeam "ANG"]
[BlackTeam "NOR"]
[WhiteFideId "10100466"]
[BlackFideId "1500953"]
[EventDate "2010.09.21"]
[EventType "team"]

1. e4 c5 2. Nf3 d6 3. Nc3 Nf6 4. Be2 g6 5. O-O Bg7 6. d3 O-O 7. h3 Nc6 8. Be3 a6
9. a3 b5 10. Qd2 Re8 11. Nh2 Rb8 12. Nd1 Nd4 13. f4 e6 14. Nf3 Nd7 15. Rb1 f5
16. c3 Nxe2+ 17. Qxe2 Bb7 18. Bd2 Qc7 19. Re1 c4 20. Nf2 cxd3 21. Qxd3 Nc5 22.
Qc2 Nxe4 23. Be3 Rbc8 24. Rbd1 Kh8 25. Qe2 h6 26. Nxe4 Bxe4 27. Nh4 Kh7 28. Qf2
Bf6 29. g4 Ba8 30. Kh2 Qc6 31. Rg1 Rg8 32. g5 hxg5 33. fxg5 Be5+ 34. Bf4 Qe4 35.
Ng2 Rg7 36. Rde1 Qd5 37. h4 Qc5 38. Re3 Bxg2 39. Bxe5 dxe5 40. Rxg2 Rd8 41. Qe2
e4 42. Rh3 Qd6+ 43. Kh1 Qd1+ 44. Kh2 Qxe2 45. Rxe2 Rgd7 46. Rg3 Rd1 47. Rgg2 e5
48. Rgf2 R8d3 49. Kg2 e3 50. Rf3 f4 51. Rf1 Rxf1 52. Kxf1 f3 0-1

[Event "39th Olympiad Women"]
[Site "Khanty-Mansiysk RUS"]
[Date "2010.09.30"]
[Round "9"]
[White "Reppen, Ellisiv"]
[Black "Reis, Fatima"]
[Result "1/2-1/2"]
[WhiteElo "1954"]
[BlackElo "1846"]
[Board "38.4"]
[WhiteTeam "NOR"]
[BlackTeam "ANG"]
[WhiteFideId "1504959"]
[BlackFideId "10100423"]
[EventDate "2010.09.21"]
[EventType "team"]

1. e4 c5 2. Nf3 Nc6 3. d4 cxd4 4. Nxd4 e5 5. Nb5 Bc5 6. Bc4 d6 7. O-O a6 8. N5c3
b5 9. Bb3 h6 10. a4 b4 11. Nd5 Nf6 12. Nd2 O-O 13. c3 a5 14. Qf3 Rb8 15. Rd1
Nxd5 16. Bxd5 Ne7 17. Bb3 bxc3 18. bxc3 Be6 19. Bc2 f5 20. Qe2 f4 21. Ba3 Bxa3
22. Rxa3 Rb2 23. Bb3 Bxb3 24. Rxb3 Rxb3 25. Qc4+ Kh7 26. Qxb3 Qc7 27. Rb1 Rc8
28. c4 Nc6 29. Qb7 Qxb7 30. Rxb7 Rb8 31. Rb5 Rxb5 32. cxb5 Nd8 33. Nc4 Nb7 34.
f3 Kg8 35. Kf2 Kf7 36. Ke2 Ke6 37. Kd2 d5 38. exd5+ Kxd5 39. Kc3 g5 40. Nb6+ Kc5
41. Nc4 Kd5 42. Nb6+ Kc5 43. Nc4 Kd5 44. Nb6+ 1/2-1/2

[Event "39th Olympiad Women"]
[Site "Khanty-Mansiysk RUS"]
[Date "2010.09.30"]
[Round "9"]
[White "Amadasun, Rosemary"]
[Black "Basta-Sohair, F."]
[Result "0-1"]
[BlackTitle "WIM"]
[WhiteElo "1900"]
[BlackElo "2030"]
[Board "40.3"]
[WhiteTeam "NGR"]
[BlackTeam "EGY"]
[WhiteFideId "8500983"]
[BlackFideId "10600175"]
[EventDate "2010.09.21"]
[EventType "team"]

1. e4 c5 2. Nf3 Nc6 3. d4 cxd4 4. Nxd4 g6 5. Nc3 Bg7 6. Be3 Nf6 7. Be2 O-O 8.
O-O d5 9. exd5 Nb4 10. Qd2 Nbxd5 11. Nxd5 Nxd5 12. c3 Nxe3 13. Qxe3 e5 14. Nb3
b6 15. Rad1 Qc7 16. Rd2 Be6 17. Rfd1 Rad8 18. Bb5 h5 19. Qg5 Rxd2 20. Qxd2 Kh7
21. Qd6 Rc8 22. h3 Bf5 23. Kf1 Bc2 24. Qxc7 Rxc7 25. Rd2 Bb1 26. a3 Bh6 27. Rd7
Rxd7 28. Bxd7 Ba2 29. Na1 Bc1 30. Nc2 Bxb2 31. a4 Bxc3 32. Ke2 Bc4+ 33. Kf3 Kg7
34. g4 hxg4+ 35. hxg4 Kf6 36. Bc6 Ke7 37. Ne3 Bb3 38. g5 Kd6 39. Be8 Be6 40. Ke4
Be1 41. f4 exf4 42. Kxf4 Bd2 43. Ke4 Bxe3 44. Kxe3 Ke5 45. Bb5 Kf5 46. Kd4 Kf4
47. Bc6 Kxg5 48. Ke5 Bb3 49. Kd6 f5 50. Kc7 f4 51. Kb7 Bxa4 52. Bxa4 f3 53. Bb5
Kf4 54. Kxa7 g5 55. Kxb6 g4 56. Kc5 g3 57. Kd4 g2 0-1

[Event "39th Olympiad Women"]
[Site "Khanty-Mansiysk RUS"]
[Date "2010.09.30"]
[Round "9"]
[White "Mencos, Claudia"]
[Black "Sanchez Rodriguez, Wilmairi"]
[Result "1-0"]
[WhiteElo "1912"]
[BlackElo "1812"]
[Board "41.2"]
[WhiteTeam "GUA"]
[BlackTeam "PUR"]
[WhiteFideId "7300573"]
[BlackFideId "3101185"]
[EventDate "2010.09.21"]
[EventType "team"]

1. e4 c5 2. Nf3 d6 3. d4 cxd4 4. Nxd4 Nf6 5. Nc3 g6 6. Be2 Bg7 7. O-O O-O 8. Bg5
h6 9. Bh4 Nc6 10. Nb3 Bd7 11. Kh1 Ne5 12. f4 Neg4 13. Qd3 Nh7 14. h3 Ngf6 15.
Bf3 Qc7 16. Rad1 Rfd8 17. Qe2 g5 18. Bg3 gxf4 19. Bxf4 e5 20. Bc1 Rac8 21. Qf2
b5 22. Qh4 Ng5 23. Bh5 b4 24. Rxf6 bxc3 25. Bxg5 Bxf6 26. Bxf6 Kh7 27. Bxd8 Rxd8
28. bxc3 Be6 29. Qf6 Rg8 30. Rf1 Rg7 31. Qf3 a5 32. Rd1 a4 33. Nc1 Qc5 34. Bg4
Bc4 35. Nd3 Bxd3 36. Qxd3 Qa3 37. Qxd6 Qxa2 38. Bf5+ Kh8 39. Qd8+ 1-0

[Event "39th Olympiad Women"]
[Site "Khanty-Mansiysk RUS"]
[Date "2010.09.30"]
[Round "9"]
[White "Vazquez Maccarini, Danitza"]
[Black "Figueroa, Julissa"]
[Result "0-1"]
[WhiteTitle "WFM"]
[WhiteElo "1818"]
[BlackElo "1792"]
[Board "41.3"]
[WhiteTeam "PUR"]
[BlackTeam "GUA"]
[WhiteFideId "3101193"]
[BlackFideId "7300450"]
[EventDate "2010.09.21"]
[EventType "team"]

1. e4 c5 2. c3 d5 3. exd5 Qxd5 4. d4 Nf6 5. Nf3 Bg4 6. dxc5 Qxc5 7. Be3 Qc7 8.
Be2 e6 9. Nbd2 Be7 10. O-O O-O 11. Nd4 Bxe2 12. Nxe2 Nc6 13. Bf4 Qd7 14. Qc2
Rad8 15. Rad1 Qc8 16. Ne4 Nb4 17. Nxf6+ Bxf6 18. Qe4 Nd5 19. Be5 Bxe5 20. Qxe5
Nf6 21. Ng3 Qc4 22. Rxd8 Rxd8 23. Qa5 Ra8 24. b3 Qd5 25. Qa3 a6 26. c4 Qd7 27.
Qb2 Rd8 28. Qe5 h6 29. Nh5 Nxh5 30. Qxh5 Qd2 31. Qc5 Qxa2 32. Qc7 Rd3 33. Qxb7
Rxb3 34. Qa8+ Kh7 35. Qe4+ g6 36. h4 Rb4 37. Qf3 Kg8 38. c5 Rxh4 39. c6 Rc4 40.
Rd1 Qc2 41. Rd8+ Kg7 42. Rd7 Qf5 43. Qd1 Rxc6 44. Rd8 Qf6 45. Qa4 Rc1+ 46. Rd1
Rxd1+ 47. Qxd1 Qc3 48. f3 a5 49. Qa4 Qe1+ 50. Kh2 Qe5+ 51. Kg1 Kf6 52. Qh4+ Kg7
53. Qa4 g5 54. Kf2 Kg6 55. Qc2+ Qf5 56. Qa4 Qc5+ 57. Kf1 Qc1+ 58. Kf2 Qd2+ 59.
Kf1 Qb4 60. Qc2+ Kg7 61. Qe2 Qb1+ 62. Kf2 Qa1 63. f4 Qd4+ 64. Ke1 Qxf4 65. Qb2+
Qf6 66. Qa3 Qe5+ 67. Kf1 Kg6 68. Qd3+ Qf5+ 69. Qxf5+ Kxf5 0-1

[Event "39th Olympiad Women"]
[Site "Khanty-Mansiysk RUS"]
[Date "2010.09.30"]
[Round "9"]
[White "Emad, Tania"]
[Black "Muhandiram, R.m.m.u."]
[Result "1-0"]
[WhiteElo "1955"]
[BlackElo "1744"]
[Board "45.1"]
[WhiteTeam "JOR"]
[BlackTeam "SRI"]
[WhiteFideId "8102007"]
[BlackFideId "9904204"]
[EventDate "2010.09.21"]
[EventType "team"]

1. d4 Nf6 2. Nf3 c5 3. c3 b6 4. Bg5 d5 5. e3 e6 6. Bd3 Be7 7. O-O Bb7 8. Nbd2
Nbd7 9. Ne5 O-O 10. f4 Ne4 11. Bxe7 Qxe7 12. Rf3 f5 13. Rh3 Ndf6 14. Qe2 Nd6 15.
Rf1 c4 16. Bc2 b5 17. g4 Nfe4 18. g5 g6 19. Rh6 Qg7 20. Rf3 Nf7 21. Nxf7 Rxf7
22. Bxe4 dxe4 23. Rg3 Bd5 24. h4 a5 25. h5 Kf8 26. Rh3 Ke7 27. Qh2 Kd6 28. hxg6
hxg6 29. Rh7 Qf8 30. Rxf7 Qxf7 31. Rh7 Qg8 32. Qh6 b4 33. Rg7 Qb8 34. Qxg6 bxc3
35. Qf7 Qd8 36. bxc3 Rb8 37. Qa7 Rb5 38. Qa6+ Rb6 39. Nxc4+ Bxc4 40. Qxc4 Rb1+
41. Kf2 Rb2+ 42. Kg3 Qb6 43. Qc8 1-0